<?xml version="1.0" encoding="UTF-8"?>
<record
    xmlns:xsi="http://www.w3.org/2001/XMLSchema-instance"
    xsi:schemaLocation="http://www.loc.gov/MARC21/slim http://www.loc.gov/standards/marcxml/schema/MARC21slim.xsd"
    xmlns="http://www.loc.gov/MARC21/slim">

  <leader>03185nam a2200301 a 4500</leader>
  <controlfield tag="001">000112419</controlfield>
  <controlfield tag="003">CHAP</controlfield>
  <controlfield tag="005">20251023110411.0</controlfield>
  <controlfield tag="008">160315s2016    mx     |rm   |0|||||spa d</controlfield>
  <datafield tag="010" ind1=" " ind2=" ">
    <subfield code="a">108880</subfield>
  </datafield>
  <datafield tag="011" ind1=" " ind2=" ">
    <subfield code="a">109852</subfield>
  </datafield>
  <datafield tag="040" ind1=" " ind2=" ">
    <subfield code="c">CHAP</subfield>
  </datafield>
  <datafield tag="090" ind1=" " ind2=" ">
    <subfield code="a">Tesis</subfield>
  </datafield>
  <datafield tag="100" ind1="0" ind2="0">
    <subfield code="a">L&#xF3;pez Cerino, Rafael</subfield>
  </datafield>
  <datafield tag="245" ind1="1" ind2="3">
    <subfield code="a">La promoci&#xF3;n global de los biocombustibles :</subfield>
    <subfield code="b">la alianza entre estados y corporaciones /</subfield>
    <subfield code="c">por Rafael L&#xF3;pez Cerino; director Edit Antal.</subfield>
  </datafield>
  <datafield tag="264" ind1=" " ind2="1">
    <subfield code="a">UNAM. M&#xE9;x. :</subfield>
    <subfield code="b">El autor,</subfield>
    <subfield code="c">2016.</subfield>
  </datafield>
  <datafield tag="300" ind1=" " ind2=" ">
    <subfield code="a">185 p.</subfield>
  </datafield>
  <datafield tag="502" ind1=" " ind2=" ">
    <subfield code="b">Doctor en Ciencias Pol&#xED;ticas y Sociales.</subfield>
    <subfield code="c">Universidad Nacional Aut&#xF3;noma de M&#xE9;xico. Programa de Posgrado en Ciencias Pol&#xED;ticas y Sociales</subfield>
    <subfield code="d">2016.</subfield>
  </datafield>
  <datafield tag="520" ind1=" " ind2=" ">
    <subfield code="a">La idea fundamental de la investigaci&#xF3;n fue analizar la promoci&#xF3;n global de los biocombustibles&#xB9; con &#xE9;nfasis en la alianza entre los Estados y las corporaciones durante el periodo 2000-2010. &#x420;ara entender la relaci&#xF3;n Estados-corporaciones y el aumento en la producci&#xF3;n y el consumo del biocombustible se parte de que dicha promoci&#xF3;n tuvo diferentes fases durante el periodo de estudio. La Fase 1 se refiere a la promoci&#xF3;n de los biocombustibles en el mundo por medio de varias iniciativas de diferentes organismos internacionales, BM, ONU-FAO, FMI, OCDE, OMC y la UE, entre otros) apoyados por ONG y sectores industriales. Esta fase inici&#xF3; a partir del a&#xF1;o 2000 y culmin&#xF3; en el 2007, a&#xF1;o que "coincide" con el incremento del inter&#xE9;s de EEUU y la UE por los biocombustibles como sustituto del petr&#xF3;leo2 y como instrumento de apoyo al sector rural a trav&#xE9;s de subsidios, adem&#xE1;s de ser una forma de reducir los Gases de Efecto Invernadero (GEI) para mitigar el cambio clim&#xE1;tico. La fase 2 comprendi&#xF3; la crisis alimentaria 2007-2008, producto del alza de los precios en los alimentos y la advertencia de grupos ecol&#xF3;gicos que ligaban los biocombustibles con la deforestaci&#xF3;n de ciertos h&#xE1;bitats. Factores que hicieron retroceder a varios pa&#xED;ses y organismos internacionales en la promoci&#xF3;n de biocombustibles3. La Fase 3 abarc&#xF3; el periodo de 2008 y 2010. Debido al cuestionamiento sobre si los biocombustibles eran los causantes de la crisis alimentaria, hubo una polarizaci&#xF3;n en el tema entre actores estatales y no estatales y surgieron alianzas estrat&#xE9;gicas entre los promotores y detractores. A pesar de los contra discursos y cr&#xED;ticas por parte de la comunidad cient&#xED;fica y la mayor&#xED;a de las ONG medioambientalistas, la promoci&#xF3;n de los biocombustibles continu&#xF3; a nivel global. La explicaci&#xF3;n de por qu&#xE9; se establecieron alianzas entre Estados y corporaciones para continuar la promoci&#xF3;n de los biocombustibles a nivel global, a pesar de los continuos cuestionamientos sobre su viabilidad ecol&#xF3;gica, social y econ&#xF3;mica es el centro de la presente investigaci&#xF3;n.</subfield>
  </datafield>
  <datafield tag="590" ind1=" " ind2=" ">
    <subfield code="a">BATCH-UPD</subfield>
    <subfield code="b">05</subfield>
    <subfield code="c">20160315</subfield>
  </datafield>
  <datafield tag="590" ind1=" " ind2=" ">
    <subfield code="a">E5765TAJ</subfield>
    <subfield code="b">05</subfield>
    <subfield code="c">20160315</subfield>
  </datafield>
  <datafield tag="650" ind1="1" ind2="4">
    <subfield code="a">Biocombustibles</subfield>
    <subfield code="x">Aspectos econ&#xF3;micos.</subfield>
  </datafield>
  <datafield tag="650" ind1="1" ind2="4">
    <subfield code="a">Biocombustibles</subfield>
    <subfield code="x">Industria.</subfield>
  </datafield>
  <datafield tag="650" ind1="1" ind2="4">
    <subfield code="a">Biocombustibles</subfield>
    <subfield code="x">Mercadeo.</subfield>
  </datafield>
  <datafield tag="856" ind1="4" ind2="2">
    <subfield code="u">http://10.13.5.2/tesis/109852.pdf</subfield>
    <subfield code="y">DESCARGAR PDF</subfield>
  </datafield>
  <datafield tag="901" ind1=" " ind2=" ">
    <subfield code="a">BK</subfield>
  </datafield>
  <datafield tag="942" ind1=" " ind2=" ">
    <subfield code="c">Tesis</subfield>
    <subfield code="2">Clasificaci&#xF3;n Universidad Aut&#xF3;noma Chapingo</subfield>
  </datafield>
  <datafield tag="999" ind1=" " ind2=" ">
    <subfield code="c">108880</subfield>
    <subfield code="d">108880</subfield>
  </datafield>
  <datafield tag="952" ind1=" " ind2=" ">
    <subfield code="0">0</subfield>
    <subfield code="1">0</subfield>
    <subfield code="2">ddc</subfield>
    <subfield code="4">0</subfield>
    <subfield code="5">1</subfield>
    <subfield code="7">0</subfield>
    <subfield code="8">TESIS</subfield>
    <subfield code="a">BC</subfield>
    <subfield code="b">BC</subfield>
    <subfield code="c">E_L</subfield>
    <subfield code="d">2016-03-15</subfield>
    <subfield code="f">TESIS</subfield>
    <subfield code="l">0</subfield>
    <subfield code="o">Tesis</subfield>
    <subfield code="p">33724002520496</subfield>
    <subfield code="r">2019-12-31 00:00:00</subfield>
    <subfield code="w">2019-12-31</subfield>
    <subfield code="y">TESIS</subfield>
  </datafield>
  <datafield tag="952" ind1=" " ind2=" ">
    <subfield code="0">0</subfield>
    <subfield code="1">0</subfield>
    <subfield code="2">local</subfield>
    <subfield code="4">0</subfield>
    <subfield code="5">1</subfield>
    <subfield code="7">0</subfield>
    <subfield code="8">TesdigD</subfield>
    <subfield code="a">BD</subfield>
    <subfield code="b">BD</subfield>
    <subfield code="c">E_L</subfield>
    <subfield code="d">2025-06-20</subfield>
    <subfield code="l">0</subfield>
    <subfield code="o">Tesis digital</subfield>
    <subfield code="r">2025-06-20 10:09:38</subfield>
    <subfield code="w">2025-06-20</subfield>
    <subfield code="y">TD</subfield>
  </datafield>
</record>
